Nietzsche, política, derecho y antisemitismo
Shranjeno v:
| Glavni avtor: | |
|---|---|
| Format: | Knjiga |
| Jezik: | Undetermined |
| Izdano: |
San José, Costa Rica
Editorial Jurídica Continental
2012
|
| Izdaja: | 4 |
| Teme: | |
| Oznake: |
Označite
Brez oznak, prvi označite!
|
MARC
| LEADER | 00000nam a2200000Ia 4500 | ||
|---|---|---|---|
| 008 | 170316s9999 xx 000 0 und d | ||
| 090 | |a 100 J-9.2n | ||
| 100 | |a Jiménez Meza, Manrique | ||
| 245 | |a Nietzsche, política, derecho y antisemitismo | ||
| 250 | |a 4 | ||
| 260 | |a San José, Costa Rica | ||
| 260 | |b Editorial Jurídica Continental | ||
| 260 | |c 2012 | ||
| 300 | |a 326 páginas | ||
| 650 | |a FILOSOFÍA | ||
| 650 | |a NIETZSCHE FRIEDRICH - BIOGRAFÍA | ||
| 650 | |a POLÍTICA | ||
| 650 | |a HISTORIA | ||
| 650 | |a VOLUNTAD | ||
| 650 | |a SCHOPENHAUER | ||
| 650 | |a NIHILISMO | ||
| 650 | |a ANTICRISTIANISMO | ||
| 650 | |a LOS VALORES | ||
| 650 | |a LA MORAL | ||
| 650 | |a PLATÓN | ||
| 650 | |a EL ANTISEMITISMO | ||
| 650 | |a EL NACIONALSOCIALISMO | ||
| 650 | |a EL ESTADO | ||
| 999 | |c 16619 |d 16619 | ||
| 040 | |a cru BVZT | ||
| 942 | |c 15 D |h 100 J-9.2n |2 z | ||
